00000000nam##2200000za#4500
0019.587659
003CaOODSP
00520210624194735
007cr |||||||||||
008150406|2007||||xxc|||||o    f|0| 0 eng|d
022 |a1701-1280
040 |aCaOODSP|beng
041 |aeng
041 |afre
043 |an-cn---
0861 |aFs70-4/2007-001-PDF
1101 |aCanada. |bDepartment of Fisheries and Oceans.
24510|aNational science workshop: development of a nationally consistent approach to conservation objectives / |h[electronic resource]|cJake Rice, chair; Liisa Peramaki, editor.
260 |aOttawa - Ontario : |bFisheries and Oceans Canada |cNovember 2007.
300 |a24p.|bfigs., tables
4901 |aCanadian Science Advisory Secretariat proceedings series|x1701-1280|v2007/001
500 |a"10-11 January 2007, Lord Elgin Hotel, Ottawa, Ontario".
590 |a11-31-Supp|b2011-12-13
792 |tAtelier national des Sciences – Élaboration d'une approche nationale uniforme pour l'élaboration des objectifs de conservation / |efre|w(CaOODSP)9.587660
830#0|aProceedings series (Canadian Science Advisory Secretariat)|x1701-1280|v2007/001|w(CaOODSP)9.500507
85640|ahttp://publications.gc.ca|qPDF|s150 KB|uhttps://publications.gc.ca/collections/collection_2011/mpo-dfo/Fs70-4-2007-001.pdf|y2007/001